00294nam a2200121Ia 4500008004100000100002300041245002100064260003300085300000800118650002200126942000700148999001700155190216s9999||||xx |||||||||||||| ||und|| aCalicut University 0aAdhunika Kavitha bUniversity Of Calicutc1982 a36p aMalayalam Kavitha cBK c25485d25485